000 00666nam a2200229 i 4500
003 DO-SdBNP
005 20230831095730.0
006 a||||gr|||| 00| 0
007 ta
008 230824e1978 |||ac||| |||| 00| 0 spa d
040 _aDO-SdBNP
_bspa
_cBNPHU
_erda
082 4 _222
_bF981
245 _aFundamentos de moral y civica :
_bpara uso de la educación primaria e intermedia
264 1 _aSanto Domingo :
_bDe la Salle,
_c1978
300 _a74 páginas ;
_c22 cm.
336 _2rdacontent
_atexto
_btxt
337 _2rda media
_asin mediación
_bn
338 _2rdacarrier
_avolumen
_bnc
590 _aInventariado 2023 / DG
910 _aDG
942 _2ddc
_cLBS1
999 _c54581
_d54581